[Event "Cagliari Alfa Lum op 3rd"]
[Site "Cagliari"]
[Date "2012.09.01"]
[Round "4"]
[White "Palmas, Alessandro"]
[Black "Massa, Gianluca"]
[Result "1-0"]
[WhiteElo "1825"]
[BlackElo "1645"]
[PlyCount "69"]
[EventDate "2012.08.31"]
[EventType "swiss"]
[EventRounds "6"]
[EventCountry "ITA"]
[SourceTitle "EXT 2014"]
[Source "ChessBase"]
[SourceDate "2013.11.20"]
[SourceVersion "1"]
[SourceVersionDate "2013.11.20"]
[SourceQuality "1"]

1. d4 Nf6 2. c4 c5 3. d5 e6 4. Nc3 exd5 5. cxd5 d6 6. e4 g6 7. f4 Bg7 8. Nf3 0-0 9. Bd3 Re8 10. 0-0 Na6 11. Re1 Nc7 12. h3 a6 13. a4 b6 14. Nd2 Rb8 15. Nc4 b5 16. axb5 axb5 17. Nxd6 Qxd6 18. e5 Qe7 19. d6 Qd7 20. dxc7 Qxc7 21. exf6 Rxe1+ 22. Qxe1 Bxf6 23. Nxb5 Qd7 24. Ra7 Qd8 25. Bc4 Bb7 26. Qd2 Bd4+ 27. Nxd4 cxd4 28. Qa5 Qd7 29. Qe5 Rc8 30. b3 Qc6 31. Rxb7 Qxb7 32. Qxd4 Kf8 33. Ba3+ Ke8 34. Qd6 Qa7+ 35. Kh2 1-0

[Event "Cagliari Alfa Lum op 3rd"]
[Site "Cagliari"]
[Date "2012.08.31"]
[Round "1"]
[White "Cuccu, Giovanni"]
[Black "Massa, Gianluca"]
[Result "0-1"]
[WhiteElo "1461"]
[BlackElo "1645"]
[PlyCount "124"]
[EventDate "2012.08.31"]
[EventType "swiss"]
[EventRounds "6"]
[EventCountry "ITA"]
[SourceTitle "EXT 2014"]
[Source "ChessBase"]
[SourceDate "2013.11.20"]
[SourceVersion "1"]
[SourceVersionDate "2013.11.20"]
[SourceQuality "1"]

1. e4 c5 2. Nc3 d6 3. Bc4 Nf6 4. Nf3 e6 5. d3 Be7 6. 0-0 0-0 7. Re1 Nc6 8. Be3 a6 9. Qd2 b5 10. Bb3 Bb7 11. h3 Na5 12. a4 b4 13. Ne2 Nxb3 14. cxb3 a5 15. Bg5 h6 16. Bh4 Rc8 17. Qe3 e5 18. Nd2 Nd7 19. Bxe7 Qxe7 20. Nc4 Ra8 21. Rac1 Nb8 22. Nb6 Ra6 23. Nd5 Bxd5 24. exd5 Ra7 25. Nf4 Re8 26. Nh5 Nd7 27. Rc4 f5 28. f4 Nb6 29. Rc2 Nxd5 30. Qg3 Qf7 31. Qf3 Rae7 32. Rce2 e4 33. dxe4 fxe4 34. Rxe4 Rxe4 35. Rxe4 Rxe4 36. Qxe4 Qxh5 37. Qe6+ Qf7 38. f5 Qxe6 39. fxe6 Kf8 40. Kf2 Ke7 41. Kf3 Kxe6 42. Ke4 Nf6+ 43. Kd3 d5 44. Ke3 Ke5 45. Kd3 g5 46. Ke3 g4 47. h4 h5 48. g3 Nd7 49. Kd3 Nb6 50. Ke3 c4 51. Kd2 Kd4 52. Kd1 cxb3 53. Kd2 Nxa4 54. Kc1 Ke3 55. Kd1 d4 56. Ke1 d3 57. Kd1 Nxb2+ 58. Ke1 d2+ 59. Kf1 d1Q+ 60. Kg2 Qe2+ 61. Kg1 Kf3 62. Kh1 Qg2# 0-1

[Event "Cagliari Alfa Lum op 3rd"]
[Site "Cagliari"]
[Date "2012.08.31"]
[Round "2"]
[White "Massa, Gianluca"]
[Black "Caglio, Luigi"]
[Result "0-1"]
[WhiteElo "1645"]
[BlackElo "2073"]
[PlyCount "44"]
[EventDate "2012.08.31"]
[EventType "swiss"]
[EventRounds "6"]
[EventCountry "ITA"]
[SourceTitle "EXT 2014"]
[Source "ChessBase"]
[SourceDate "2013.11.20"]
[SourceVersion "1"]
[SourceVersionDate "2013.11.20"]
[SourceQuality "1"]

1. d4 Nf6 2. Nf3 g6 3. c4 c5 4. d5 b5 5. cxb5 a6 6. bxa6 Bxa6 7. Nc3 d6 8. g3 Bg7 9. Bg2 0-0 10. 0-0 Nbd7 11. Re1 Qb6 12. e4 Ng4 13. Nd2 Nge5 14. Bf1 c4 15. Nf3 f5 16. Ng5 Nc5 17. Kg2 h6 18. Nh3 Bc8 19. f4 Ned3 20. Bxd3 Nxd3 21. Re2 fxe4 22. Rxe4 Bxh3+ 0-1

[Event "Cagliari Alfa Lum op-A 2nd"]
[Site "Cagliari"]
[Date "2010.09.04"]
[Round "4"]
[White "Maldarelli, Lorenzo"]
[Black "Massa, Gianluca"]
[Result "1-0"]
[WhiteElo "1806"]
[BlackElo "1691"]
[PlyCount "71"]
[EventDate "2010.09.03"]
[EventType "swiss"]
[EventRounds "6"]
[EventCountry "ITA"]
[SourceTitle "EXT 2024"]
[Source "ChessBase"]
[SourceDate "2023.10.10"]
[SourceVersion "1"]
[SourceVersionDate "2023.10.10"]
[SourceQuality "1"]

1. d4 Nf6 2. c4 c5 3. d5 b5 4. cxb5 a6 5. bxa6 Bxa6 6. Nc3 g6 7. Nf3 Bg7 8. Nd2 0-0 9. e4 Bxf1 10. Nxf1 d6 11. Ne3 Nbd7 12. 0-0 Qb8 13. a4 Ne8 14. Qc2 Nc7 15. Ra3 Na6 16. Nb5 Nb4 17. Qe2 Rc8 18. Nc4 Ne5 19. Nxe5 Bxe5 20. f4 Bg7 21. Qc4 Bd4+ 22. Kh1 Qb7 23. b3 Qd7 24. Nxd4 cxd4 25. Qxb4 Qg4 26. Qd2 Rc7 27. h3 Qd7 28. Qxd4 Rac8 29. Bb2 f6 30. e5 Rf8 31. exf6 exf6 32. b4 Rc2 33. f5 Qc8 34. fxg6 hxg6 35. Rxf6 Rc1+ 36. Kh2 1-0

[Event "Cagliari Alfa Lum op-A 2nd"]
[Site "Cagliari"]
[Date "2010.09.03"]
[Round "1"]
[White "Massa, Gianluca"]
[Black "Mallo, Danilo"]
[Result "1/2-1/2"]
[WhiteElo "1691"]
[BlackElo "1942"]
[PlyCount "74"]
[EventDate "2010.09.03"]
[EventType "swiss"]
[EventRounds "6"]
[EventCountry "ITA"]
[SourceTitle "EXT 2024"]
[Source "ChessBase"]
[SourceDate "2023.10.10"]
[SourceVersion "1"]
[SourceVersionDate "2023.10.10"]
[SourceQuality "1"]

1. d4 d5 2. c4 c6 3. Nc3 Nf6 4. Nf3 e6 5. cxd5 cxd5 6. Bg5 Be7 7. e3 0-0 8. Bd3 Qb6 9. Qc2 h6 10. Bh4 Nc6 11. a3 Bd7 12. 0-0 Rfc8 13. Ne5 Be8 14. f4 Ne4 15. Bxe7 Nxe7 16. Bxe4 dxe4 17. Qd2 f6 18. Ng4 Qb3 19. Rac1 b5 20. Nf2 f5 21. g4 g6 22. h3 b4 23. axb4 Qxb4 24. gxf5 Nxf5 25. Nfxe4 Bc6 26. Nc5 Kf7 27. Qf2 g5 28. fxg5 Rg8 29. Nxe6 Raf8 30. Qxf5+ Ke8 31. Nc7+ Kd8 32. Ne6+ Ke8 33. Qe5 Rxf1+ 34. Rxf1 Qb7 35. Nc5+ Qe7 36. Qb8+ Qd8 37. Qe5+ Qe7 1/2-1/2

[Event "Sardegna Region-ch"]
[Site "Sardara"]
[Date "2010.04.18"]
[Round "3"]
[White "Massa, Gianluca"]
[Black "Zuccarelli, Angelo"]
[Result "0-1"]
[WhiteElo "1709"]
[BlackElo "1910"]
[PlyCount "74"]
[EventDate "2010.04.17"]
[EventType "swiss"]
[EventRounds "8"]
[EventCountry "ITA"]
[SourceTitle "EXT 2024"]
[Source "ChessBase"]
[SourceDate "2023.10.10"]
[SourceVersion "1"]
[SourceVersionDate "2023.10.10"]
[SourceQuality "1"]

1. d4 d5 2. c4 e6 3. Nc3 Nf6 4. cxd5 exd5 5. Bg5 Be7 6. e3 c6 7. Bd3 Nbd7 8. Nf3 a6 9. Qc2 h6 10. Bh4 0-0 11. 0-0 b5 12. a3 Bb7 13. Ne5 Nxe5 14. dxe5 Ng4 15. Bg3 Bh4 16. Bxh4 Qxh4 17. h3 Nxe5 18. Be2 Rad8 19. Qf5 Qe7 20. Rad1 Bc8 21. Qf4 Nd7 22. b4 Nf6 23. Bf3 Rfe8 24. Qd4 Qc7 25. Rc1 Qd6 26. Ne2 Nd7 27. Ng3 Ne5 28. Be2 Nc4 29. Rc3 Qe5 30. Qd3 Qg5 31. Bf3 Rd6 32. Qd4 Qf6 33. Qd3 Ne5 34. Nh5 Nxf3+ 35. gxf3 Qxf3 36. Nf4 Bxh3 37. e4 Rg6+ 0-1

[Event "Sardegna Region-ch"]
[Site "Sardara"]
[Date "2010.04.17"]
[Round "2"]
[White "Marano, Daniele"]
[Black "Massa, Gianluca"]
[Result "0-1"]
[WhiteElo "1696"]
[BlackElo "1709"]
[PlyCount "56"]
[EventDate "2010.04.17"]
[EventType "swiss"]
[EventRounds "8"]
[EventCountry "ITA"]
[SourceTitle "EXT 2024"]
[Source "ChessBase"]
[SourceDate "2023.10.10"]
[SourceVersion "1"]
[SourceVersionDate "2023.10.10"]
[SourceQuality "1"]

1. e4 e6 2. d3 d5 3. Nd2 c5 4. Ngf3 Nc6 5. g3 dxe4 6. Nxe4 Nf6 7. Qe2 Be7 8. Bg2 h6 9. 0-0 0-0 10. Be3 Nxe4 11. dxe4 e5 12. c3 Be6 13. Nd2 Qc7 14. f4 exf4 15. gxf4 f5 16. Bh3 Qd7 17. Rad1 fxe4 18. Nxe4 Qc8 19. Bg2 Bg4 20. Bf3 Bh3 21. Rfe1 Bh4 22. Ng3 Re8 23. Bd5+ Kh8 24. Qh5 Bxg3 25. hxg3 Bg4 26. Qg6 Ne7 27. Qd3 Bxd1 28. Rxd1 Nxd5 0-1

[Event "Cagliari Alfa Lum op"]
[Site "Cagliari"]
[Date "2009.08.30"]
[Round "6"]
[White "Maldarelli, Lorenzo"]
[Black "Massa, Gianluca"]
[Result "1-0"]
[WhiteElo "1798"]
[BlackElo "1545"]
[PlyCount "113"]
[EventDate "2009.08.28"]
[EventType "swiss"]
[EventRounds "6"]
[EventCountry "ITA"]
[SourceTitle "EXT 2012"]
[Source "ChessBase"]
[SourceDate "2011.11.24"]
[SourceVersion "1"]
[SourceVersionDate "2011.11.24"]
[SourceQuality "1"]

1. d4 e6 2. c4 d5 3. Nc3 Nf6 4. Bg5 Be7 5. Bxf6 Bxf6 6. e3 b6 7. Nf3 Bb7 8. cxd5 exd5 9. Bd3 Nd7 10. Rc1 c5 11. dxc5 bxc5 12. h4 a6 13. Bb1 d4 14. exd4 Qe7+ 15. Kf1 cxd4 16. Ne4 Bxe4 17. Qa4 Bd5 18. Re1 Be6 19. Nxd4 Bxd4 20. Qxd4 Qf6 21. Qe4 Rb8 22. Rh3 g6 23. Rc3 0-0 24. h5 Rxb2 25. Rf3 Bf5 26. Qa4 Qb6 27. Bxf5 gxf5 28. Qxd7 Qb5+ 29. Qxb5 Rxb5 30. h6 f6 31. g3 Kf7 32. Rf4 Rg8 33. Rc1 Kg6 34. Rc6 a5 35. Rh4 Rb1+ 36. Kg2 Ra1 37. Ra4 Kxh6 38. Rxf6+ Rg6 39. Rxf5 Rg5 40. Rfxa5 Rxa5 41. Rxa5 Kg6 42. a4 Ra3 43. Ra7 Kf6 44. f3 Ra2+ 45. Kh3 Ra1 46. Kg4 Rc1 47. f4 Rc4 48. Ra6+ Kg7 49. a5 Rc5 50. Kh4 Rc4 51. Ra7+ Kg6 52. a6 Ra4 53. Ra8 Ra1 54. a7 Kg7 55. f5 Kf7 56. Rh8 Kg7 57. a8Q 1-0

[Event "Cagliari Alfa Lum op"]
[Site "Cagliari"]
[Date "2009.08.29"]
[Round "4"]
[White "Pili, Giangiuseppe"]
[Black "Massa, Gianluca"]
[Result "1/2-1/2"]
[WhiteElo "1698"]
[BlackElo "1545"]
[PlyCount "66"]
[EventDate "2009.08.28"]
[EventType "swiss"]
[EventRounds "6"]
[EventCountry "ITA"]
[SourceTitle "EXT 2012"]
[Source "ChessBase"]
[SourceDate "2011.11.24"]
[SourceVersion "1"]
[SourceVersionDate "2011.11.24"]
[SourceQuality "1"]

1. d4 d5 2. Nf3 e6 3. c4 Nf6 4. Nc3 Be7 5. Bf4 c6 6. e3 0-0 7. Be2 dxc4 8. Bxc4 Nbd7 9. 0-0 Nd5 10. Bg3 N7f6 11. Re1 Nxc3 12. bxc3 Ne4 13. Qc2 Nxg3 14. hxg3 Bf6 15. a4 Qa5 16. e4 g6 17. e5 Bg7 18. Nd2 Bd7 19. Ne4 Qc7 20. Nd6 c5 21. d5 Bxe5 22. Nxb7 Rfe8 23. d6 Bxd6 24. Nxd6 Qxd6 25. Red1 Qc7 26. Rab1 Rab8 27. Bb5 Bxb5 28. axb5 c4 29. Qa4 Red8 30. Rb4 Rxd1+ 31. Qxd1 Qc5 32. Qd7 Qe5 33. Qc6 Qe1+ 1/2-1/2

[Event "Cagliari Alfa Lum op"]
[Site "Cagliari"]
[Date "2009.08.28"]
[Round "2"]
[White "Cerioni, Armando"]
[Black "Massa, Gianluca"]
[Result "1-0"]
[WhiteElo "1987"]
[BlackElo "1545"]
[PlyCount "31"]
[EventDate "2009.08.28"]
[EventType "swiss"]
[EventRounds "6"]
[EventCountry "ITA"]
[SourceTitle "EXT 2012"]
[Source "ChessBase"]
[SourceDate "2011.11.24"]
[SourceVersion "1"]
[SourceVersionDate "2011.11.24"]
[SourceQuality "1"]

1. e4 e6 2. f4 d5 3. e5 c5 4. c3 Nc6 5. d4 cxd4 6. cxd4 Qb6 7. Nf3 Bb4+ 8. Nc3 a6 9. Bd3 Nxd4 10. Nxd4 Bd7 11. Be3 Bc5 12. Nce2 Ne7 13. Qd2 Bb4 14. Nc3 Bc5 15. Be2 Nf5 16. Nxf5 1-0